Регионална библиотека "Любен Каравелов" - Русе

Истории, които лекуват (Запис номер 175088)

MARC детайли
000 -Лидер
Контролно поле с фиксирана дължина 02252nam a2200397 c 4500
003 - Код на организацията, давaща контролен номер
Контролно поле BLK
005 - Дата и час на последна редакция
Контролно поле 20250620005647.0
008 - Елементи от данни с фиксирана дължина
fixed length control field 180411b bul|||||r ||||||| ||bul||
010 ## - Наследен системен номер
LC control number KNG00183614000
020 ## - Международен стандартен номер на книга ISBN
Международен стандартен номер на книга ISBN 978-954-733-819-7
040 ## - Източник на каталожния запис
Идентификатор на билиотеката - собственик на записа BLK
041 ## - Код за език
Код за езика на текст/звукозапис или на отделно заглавие Български
Код за езика КДБФ Български
072 #7 - Код за тематичната категория
Код организация bullib
Код за тематична категория Н83
Текст Чужда художествена литература Н
072 #7 - Код за тематичната категория
Код организация bullib
Код за тематична категория Л03
Текст Себепознание. Мисловни техники. Психология. Парапсихология
080 ## - УДК
Текстов определител УДК Немска литература
УДК код - определител по УДК 821.112.2
УДК определител -322.2
УДК - код + определител 821.112.2-322.2
080 ## - УДК
Текстов определител УДК Психотерапия - Психодрама, лечение по системата на йогите, колективна психотерапия, терапевтично влияние на музиката, изкуство. Медитация - психотерапевтични аспекти. Самовнушение. Вж и 616.89
УДК код - определител по УДК 615.851
УДК определител (0:82-97)
УДК - код + определител 615.851(0:82-97)
080 ## - УДК
Текстов определител УДК Особености на духовния живот. Съзнание. Духовно развитие на човека. Диференциална психология. Генетична психология. Еволюционна психология
УДК код - определител по УДК 159.922
УДК определител (0:82-97)
УДК - код + определител 159.922(0:82-97)
100 1# - Редна дума - Автор
Автор Херц, Моника
Авторска отговорност първи автор
R(LIN) 340010
139 ## - Редно поле
Редна дума Херц, Моника
Авторски знак Херц - Х 44
245 10 - Сведения за заглавието
Заглавие Истории, които лекуват
Подзаглавни данни Здраве за тялото и духа
Редно поле (дума) Моника Херц; прев. Ваня Илиева Пенева.
257 ## - Страна на издаване
Страна на създаване/издаване Германия
260 ## - Област на издателските данни
Име на издателя, разпространителя и проч. Прозорец
Година на издаване 2014
Печатница София : Инвестпрес
300 ## - Физическа характеристика
Страници 135 с.
Размери/Мащаб 20 см
380 ## - Жанр
Жанр Худож. лит.
500 ## - Общи забележки
Забележка Ориг. загл.: Geschichten, die heilen / Monika Herz
659 ## - Тематичен бюлетин
Тематичен бюлетин Л
659 ## - Тематичен бюлетин
Тематичен бюлетин Н
700 ## - Други автори (авторска отговорност)
Лично име Пенева, Ваня Илиева
Дати, свързани с автора 1957-
Друга информация Преводач от немски, английски и руски език.
Автороска отговорност (Описва отношението между автора и произведението) прев.
9 (RLIN) 363755
852 ## - Местоположение
Форматна сигнатура Цб 277441
856 4# - Електронен адрес и достъп
Електронен формат pdf - файл
856 4# - Електронен адрес и достъп
Електронен формат pdf - файл
999 ## - СИСТЕМНИ КОНТРОЛНИ НОМЕРА
Koha biblionumber 175088
Koha biblioitemnumber 175088
942 ## - АРТИКУЛИ
Вид на библиотечния материал Книги
Скрит в OPAC Не
Периодичен библиозапис Да
Koha issues (borrowed), all copies 11
944 ## - СЪЗДАВАНЕ И РЕДАКЦИЯ на ЗАПИСА
Създаване/Редакция Създаване
Дата на регистрацията/редакция 14.10.2015
Служител, извършил регистрацията/редакцията
Статус, дата на статуса CRON CRON
944 ## - СЪЗДАВАНЕ И РЕДАКЦИЯ на ЗАПИСА
Създаване/Редакция Редакция
Дата на регистрацията/редакция 29.01.2016
Служител, извършил регистрацията/редакцията Геновева_Генчева
999 ## - СИСТЕМНИ КОНТРОЛНИ НОМЕРА
Koha biblioitemnumber 175088
Наличности
Код за отписване Код за изгубен артикул Код за повреда Коз за рестрикции Код за отдаване Артикулен № Име на библиотеката - собственик Име на библиотеката, в която се намира в момента Статус (Текущо местоположение) Дата на вписване в системата Местоположение - отдел Цена в лева Инвентарен номер Систематично азбучна сигнатура Баркод Номер на екземпляра Цена в евро Служебна бележка Служебен тип на артикула Източник на класификационната схема
  Не е изгубен Не е повреден без рестрикции ползва се в читалня 301244 Регионална библиотека "Любен Каравелов" Русе Регионална библиотека "Любен Каравелов" Русе Хранилище 2015-10-13 Хранилище 12.00 120000793572 Цб 277441 120000793572 1 6.14 Дост: Dp Вид: Д N: 34 Дата: 31.07.2015 Книги  
  Не е изгубен Не е повреден без рестрикции заемане за дома 751000 Регионална библиотека "Любен Каравелов" Русе Регионална библиотека "Любен Каравелов" Русе Заемна - подръчен фонд 2019-12-04 Заемна - подръчен фонд 9.00   П 830-32/Х 44 120000838629   4.60   Книги Universal Decimal Classification
  Не е изгубен Не е повреден без рестрикции заемане за дома 751001 Регионална библиотека "Любен Каравелов" Русе Регионална библиотека "Любен Каравелов" Русе Заемна - подръчен фонд 2019-12-04 Заемна - подръчен фонд 9.00   П 830-32/Х 44 120000838630   4.60   Книги Universal Decimal Classification
Vip Innovations Ltd, Rousse, Bulgaria 2025